The Concept of Global English - Its Positive and Negative Aspects
Nie sú pochybnosti o tom, že angličtina sa stala univerzálne používaným jazykom. Tento fakt však znamená, že vzniká problém nielen v pracovnom prostredí ale aj v širšom kontexte. Časté používanie angličtiny na celom svete spôsobilo, že jazyk sa neustále mení ako jednotlivci, najmä rodení hovoriaci k...
Guardado en:
| Autor principal: | |
|---|---|
| Formato: | Capítulo de libro |
| Lenguaje: | inglés |
| Materias: | |
| Etiquetas: |
Sin Etiquetas, Sea el primero en etiquetar este registro!
|
MARC
| LEADER | 00000naa$a2200000$$$4500 | ||
|---|---|---|---|
| 001 | 0292733 | ||
| 005 | 20240502074503.8 | ||
| 041 | 0 | |a eng | |
| 044 | |a SK | ||
| 245 | 1 | 0 | |a The Concept of Global English - Its Positive and Negative Aspects |c Ján Strelinger |
| 520 | |a Nie sú pochybnosti o tom, že angličtina sa stala univerzálne používaným jazykom. Tento fakt však znamená, že vzniká problém nielen v pracovnom prostredí ale aj v širšom kontexte. Časté používanie angličtiny na celom svete spôsobilo, že jazyk sa neustále mení ako jednotlivci, najmä rodení hovoriaci komunikujú medzi sebou čo najjednoduchším spôsobom. Dôvod prečo sa jazyk mení je nepredvídateľný, používa sa toľkými ľuďmi, ktorí ho menia podľa výslovnosti, rýchlosti hovorenia, tónu hlasu, prízvuku a iných faktorov, ktoré sú súčasťou ich reči. Tento fenomén vytvoril takzvanú 'Globbish English', ktorú sa snažíme vysvetliť a popísať v našom príspevku. | ||
| 610 | 2 | 0 | |a jazyky cudzie |
| 610 | 2 | 0 | |a jazykoveda |
| 610 | 2 | 0 | |a angličtina |
| 610 | 2 | 0 | |a komunikácia |
| 610 | 2 | 0 | |a globalizácia |
| 100 | 1 | |a Strelinger, Ján, 1964- | |